01269nam a2200325 i 4500001001000000003000900010005001700019007000300036008004100039040003000080082001900110100006500129245008500194264006100279300002800340336002700368337003400395338002800429490001500457500003300472500006400505590002600569650004700595651005400642651003700696910004200733942001400775952013700789999001700926000027893DO-SdBNP20251105112018.0ta091202s1947 mx r 001 0 spa d aDO-SdBNPbspacBNPHUerda 4a980bH519h2221 aHenríquez Ureña, Pedro,d1884-1946 eautor4aut.9171810aHistoria de la cultura en la América Hispánica /cPedro Henríquez Ureña. aMéxico :bEditora Fondo de Cultura Económica,c1947. a171 páginas ;c17 cm. atextobtxt2rdacontent asin mediaciónbnc2rdamedia avolumenbnc2rdacarrier1 aPopularv5 aIncluye índice de nombres. aLa biblioteca posee la décimo primera reimpresión 1979 aInventariado, 2018/BT 4aCulturaxHistoriazAmérica Latina931675 0aAmérica LatinaxCivilizaciónxHistoria916665 4aAmérica LatinaxHistoria91786 aValidado. Control de calidad. MMOLINA 2ddccLBS1 00102ddc51708PD-RVaBNPHUbBNPHUcHDd2011-04-05l0oBNPHU RV-PD 980 H519hp27893-10r2020-06-25w2020-06-25yLBS1ZNo se presta c27385d27385